La propiedad del Paraíso
Guardat en:
| Autor principal: | |
|---|---|
| Format: | Llibre |
| Idioma: | espanyol |
| Publicat: |
Barcelona
Planeta
1995
|
| Matèries: | |
| Etiquetes: |
Afegir etiqueta
Sense etiquetes, Sigues el primer a etiquetar aquest registre!
|
MARC
| LEADER | 00000nam a2200000 a 4500 | ||
|---|---|---|---|
| 001 | UCZ0328 | ||
| 003 | CL-VaPUC | ||
| 008 | 950728e19950000SP |||||||||||||||||spa|d | ||
| 082 | 0 | 4 | |a 863 |b BEN |2 21 |
| 100 | 0 | |a Benítez Reyes, Felipe |e author |9 343084 | |
| 245 | 1 | 3 | |a La propiedad del Paraíso |
| 300 | |a 141 p | ||
| 942 | |c BK | ||
| 945 | |d 19950728 00:00:00 |a rbrito | ||
| 260 | |a Barcelona |b Planeta |c 1995 | ||
| 650 | 0 | |a Novelas españolas |9 265052 | |
| 583 | |a last modification |c 19950728 00:00:00 |k Rodrigo Vera | ||
| 999 | |c 237274 |d 237272 | ||
| 952 | |0 0 |1 0 |4 0 |6 863_000000000000000_BEN_1995 |7 0 |8 A |9 246180 |a FDOPOS |b FDOPOS |d 2019-11-18 |i 3113876 |o 863 BEN 1995 |p 3113876 |r 2025-01-22 |w 2019-11-18 |y BK |k MLH | ||